On This Day: April 24th II Quiz Stats

 Plays Quiz Updated Apr 24, 2018

Score 0/7 Timer 03:00
0 Plays Today
Question Answer Wrong Answers
This American singer and actress, an EGOT winner known for films like ‘Funny Girl’ and ‘Yentl’, is born.
1942
Barbra Streisand
89.7%
Céline Dion
1%
Bette Midler
5.5%
Cher
2.5%
In Vienna, the paper ‘Das Ich und das Es’ by ______ is published, which outlines the theories of the id, ego, and super-ego.
1923
Sigmund Freud
86.7%
Friedrich Nietzsche
7.8%
Jean Piaget
1.3%
Immanuel Kant
3%
This American sharpshooter is hired by Nate Salsbury to be a part of Buffalo Bill’s Wild West show.
1885
Annie Oakley
83.1%
George Custer
2.5%
Wyatt Earp
9.8%
Kit Carson
4.5%
Known as the ______, Irish rebels, led by Patrick Pearse and James Connolly, launch an uprising in Dublin against British rule, and proclaim the Irish Republic.
1916
Easter Rising
76%
Earth Day Rebellion
2.9%
April Insurrection
11.8%
Spring Offensive
8.6%
The arrest of 250 intellectuals and community leaders in Istanbul marks the beginning of the ______ Genocide.
1915
Armenian
70.2%
Kurdish
19.8%
Albanian
5.8%
Georgian
3.8%
This country, which is surrounded entirely by Senegal except for its coastline, becomes a republic within the Commonwealth of Nations.
1970
The Gambia
47.4%
Sierra Leone
29.7%
Guinea
8.2%
Togo
13.2%
A rise in Balkan nationalism leads to this war, which is fought between the Ottoman Empire and an Eastern Orthodox coalition.
1877
Russo-Turkish War
24.9%
Crimean War
32.1%
First Balkan War
34.5%
Serbo-Bulgarian War
8.5%

You're not logged in!

Compare scores with friends on all Sporcle quizzes.
OR
Log In

Sporcle TV

Today on Sporcle TV


Watch our educational content, quiz creation guides, and fun videos on Sporcle TV.

Show Comments

Extras

Top Quizzes Today


Score Distribution

Your Account Isn't Verified!

In order to create a playlist on Sporcle, you need to verify the email address you used during registration. Go to your Sporcle Settings to finish the process.

Report this User

Report this user for behavior that violates our Community Guidelines.

Details: